Berühmte Tiere: Hund, Katze, Maus oder Elefant? - Statistiken

Allgemein
  • Dieses Quiz wurde 356 mal gespielt
    79 seit der letzten Aktualisierung
  • Das Durchschnittsergebnis liegt bei 14 aus 18
Antwortstatistiken
Hint Explanation Antwort % Korrekt
Dumbo Disney-Figur
Bild
94%
Snoopy Aus der Comic-Reihe "Peanuts"
Bild
94%
Micky Die Disney-Figur Micky Maus
Bild
93%
Benjamin Blümchen Aus den gleichnamigen Kinderhörspielen
Bild
93%
Garfield Aus der gleichnamigen Comicserie
Bild
91%
Goofy Disney-Figur
Bild
90%
Lassie Der Collie aus Film und Fernsehen
Bild
90%
Diddl Kinderspielzeug und Werbefigur
Bild
87%
Hello Kitty Kinderspielzeug und Werbefigur
Bild
87%
Idefix Aus den Asterix-Comics
Bild
86%
Jerry Aus der Zeichentrickserie "Tom und Jerry"
Bild
81%
Stuart Little Aus dem gleichnamigen Buch/Film
Bild
76%
Beethoven Aus dem Film "Ein Hund namens Beethoven"
Bild
74%
Mikesch Kater aus der Augsburger Puppenkiste
Bild
61%
Babar Aus der französischen Kinderbuchreihe
Bild
51%
Rum Tum Tugger Aus dem Musical "Cats"
Bild
43%
Cujo Aus dem Roman von Stephen King
Bild
41%
Wendelin Wum & Wendelin aus der Sendung "Der große Preis"
Bild
40%
Keine übereinstimmenden Quizze gefunden
Verteilung der Resultate
Anzahl Personen mit jedem Resultat
Perzentil nach korrekt beantworteten Fragen
Ihre Resultats-Entwicklung
Sie haben dieses Quiz seit der letzten Aktualisierung nicht gespielt